Państwa Ameryki Północnej - Quiz na mapie - Statystyki

Ogólne statystyki
  • Ten quiz został rozwiązany 313 razy
  • Średni wynik to 13 z 22
Odpowiedzi na mapie
Odpowiedzi zakodowano w zielono-czerwonej skali na mapie do tego quizu, zgodnie z poniższymi procentami.
 
Statystyki odpowiedzi
Odpowiedź % Poprawnych
Meksyk
87%
Kanada
84%
Stany Zjednoczone
84%
Kuba
77%
Panama
73%
Bahamy
68%
Dominikana
67%
Haiti
67%
Jamajka
67%
Kostaryka
67%
Belize
64%
Gwatemala
59%
Honduras
59%
Salwador
58%
Nikaragua
56%
Saint Kitts i Nevis
38%
Antigua i Barbuda
34%
Barbados
33%
Saint Lucia
31%
Grenada
29%
Saint Vincent i Grenadyny
27%
Dominika
25%
Nie znaleziono quizów pasujących do podanych kryteriów
Rozkład punktacji
Procent ludzi z każdym wynikiem
Percentyl według liczby udzielonych odpowiedzi
Twoja historia wyników
Nie rozwiązałeś tego quizu